01485nam a22001457a 4500008004100000020001500041050001400056100001700070245005200087250001200139260003400151300002400185505111400209650001601323120831t xxu||||| |||| 00| 0 eng d a0072951869 aRC465.V58 aVitkus, John aCasebook in abnormal psychology. /cJohn Vitkus a5th ed. aBoston:bHigher Edu.,cc2004. axii, 238 p.:c23cm. aContents: Worried sick: generalized anxiety disorder -- Anxiety rush: panic disorder -- 9-11 Will not be forgotten: post -traumatic stress diorder -- Cleanliness is next to godliness: obsessive-compulsive disorder -- Altered states: dissociative identity disorder -- Big woman on campus: bipolar disorder, manic episode -- Who cares about old cars?: major depressive disorder -- Nerver good enough: dysthymia with dependent personality -- Road rage: intermittent explosive disorder -- Riding the relationship rollercoaster: borderline personality disorder -- Never too young to quit: alcohol dependence -- Shooting up: opioid dependence -- Is viagra enough?: male erectile disorder -- Losing your grip: schizophrenia, residual types -- Why can't i sleep?: primary insomnia -- A Fading memory: dementia of the alzheimer's type -- Dirty food: bulimia nervosa -- On thin ice: anorexia nervosa -- A Quiet fog: attention-deficit disorder, inattentive type -- I Can't live without you: separation anxiety disorder: life after mainstreaming: moderate mental retardation -- In a world of his own: austistic disorder.  bPsychology.